Classification and Regression Trees

Rozhodovací strom je metóda, ktorá bola široko používaná v rôznych disciplínach. Je to spoľahlivá a efektívna technika rozhodovania. Rozhodovacie stromy sú výkonnými nástrojmi pre klasifikáciu a predikciu. Keď sa na klasifikačné úlohy používa rozhodovací strom (cieľ premenná je kategorická), označuj...

Descripción completa

Guardado en:
Detalles Bibliográficos
Autor principal: Labudová, Viera, 1958-
Formato: Capítulo de libro
Lenguaje:eslovaco
Materias:
Etiquetas: Agregar Etiqueta
Sin Etiquetas, Sea el primero en etiquetar este registro!

MARC

LEADER 00000naa$a2200000$$$4500
001 0305583
005 20241211183604.6
041 0 |a slo 
044 |a SK 
245 1 0 |a Classification and Regression Trees  |c Viera Labudová 
520 |a Rozhodovací strom je metóda, ktorá bola široko používaná v rôznych disciplínach. Je to spoľahlivá a efektívna technika rozhodovania. Rozhodovacie stromy sú výkonnými nástrojmi pre klasifikáciu a predikciu. Keď sa na klasifikačné úlohy používa rozhodovací strom (cieľ premenná je kategorická), označuje sa ako klasifikačný strom. Keď sa používa na regresné úlohy (cieľová premenná je spojitá), nazýva sa regresný strom. Venovanie sa popisu a použitiu rozhodovacích stromov. 
610 2 0 |a rozhodovanie 
610 2 0 |a regresia 
610 2 0 |a entropia 
610 2 0 |a indexy 
610 2 0 |a metódy 
610 2 0 |a techniky výskumné 
100 1 |a Labudová, Viera, 1958-